000 00730nam a2200205 a 4500
999 _c4022
_d4022
001 4022
003 BD-JhCC
005 20171121113830.0
008 171121s1984 bg ||||| |||| 00| 0 ben d
035 _a(BD-JhCC)4022
040 _aBD-JhCC
_dBD-JhCC
041 _aben
082 _a332.10559
_bSID 1984
100 _aসিদ্দিকী, ডঃ নাযাতুল্লাহ
245 _aইসলামী ব্যাংকিং ও যাকাত /
_cডঃ নাযাতুল্লাহ সিদ্দিকী, ডঃ এ কে জাকী বাদাভী
300 _a35 p. :
_c21 cm.
650 _aIslamic banking
700 _aবাদাভী, ডঃ এ কে জাকী
942 _2ddc
_cBK